| 000 | 00745cam a22002651 4500 | ||
|---|---|---|---|
| 001 | 15965 | ||
| 003 | BD-RjUL | ||
| 005 | 20211208235925.0 | ||
| 008 | 140211s1966 enk 001 0 eng d | ||
| 035 | _a(BD-RjUL)16020 | ||
| 035 | _a(OCoLC)1387816 | ||
| 040 |
_aDLC _cRUn _dUk _dDLC _dBD-RjUL _beng |
||
| 041 | _aeng | ||
| 082 | 0 | 0 |
_a658.8 _bSEM 1966 |
| 100 | 1 |
_aSewell, J. L. _949469 |
|
| 245 | 1 | 0 |
_aMarketing and market assessment / _cby J. L. Sewell. |
| 260 |
_aLondon : _bRoutledge & K. Paul, _cc1966 |
||
| 300 |
_ax, 188p. : _btables. ; _c22cm. |
||
| 490 | 0 | _aThe British library of business studies | |
| 504 | _aIncludes Index | ||
| 650 | 0 |
_aMarketing. _949470 |
|
| 942 |
_2ddc _cBK |
||
| 999 |
_c15965 _d15965 |
||